Formule 1 - Grand Prix en ville - Statistiques

Statistiques générales
  • Ce quiz a été pris 135 fois
  • Le résultat moyen est 6 sur 9
Statistiques - réponses
Par images Réponse % Correct
Monte-Carlo, Monaco
95%
Marina Bay, Singapour
82%
Las Vegas, États-Unis
81%
Bakou, Azerbaidjan
80%
Albert Park, Melbourne, Australie
75%
Circuit Gilles-Villeneuve, Montreal, Canada
70%
Miami, États-Unis
63%
Madrid, Espagne
30%
Adelaide, Australie
14%
Aucun quiz correspondant
Distribution des résultats
% des personnes avec chaque résultat
Percentile par nombre de réponses
Votre historique - résultats
Vous n’avez pas pris ce quiz